| 000 | 00707nam a22002537a 4500 | ||
|---|---|---|---|
| 003 | OSt | ||
| 005 | 20140310181647.0 | ||
| 008 | 120310s1994 nyuab j 000 1 eng d | ||
| 010 | _a 2012358879 | ||
| 020 | _a9780553563924 | ||
| 050 |
_aPZ 7 _b.W678 1994 |
||
| 082 |
_aKF C45 _b#149 |
||
| 100 | 1 |
_aWilhelm, Doug. _94019 |
|
| 245 | 1 | 0 |
_aSearch the Amazon! / _cDoug Wilhelm; illustrated by Ron Wing. |
| 260 |
_aNew York : _bBantam Books, _cc1994. |
||
| 300 |
_a119 p. : _bill., map ; _c17 cm. |
||
| 490 | 1 |
_aChoose your own adventure ; _v149 |
|
| 541 | _j1 | ||
| 541 | _j2 | ||
| 562 | _e1 | ||
| 650 |
_aAdventure stories. _93058 |
||
| 650 | _aPlot-your-own stories. | ||
| 942 |
_2lcc _cBK-FIC |
||
| 999 |
_c912 _d912 |
||